Normal view
MARC view
- الاسرة - اطفال - رعاية الطفولة
Entry Topical Term
001 - CONTROL NUMBER
- control field: 30337
003 - CONTROL NUMBER IDENTIFIER
- control field: JO-AjAnu
005 - DATE AND TIME OF LATEST TRANSACTION
- control field: 20230606075123.0
008 - FIXED-LENGTH DATA ELEMENTS
- fixed length control field: 230606|| aca||aabn | a|a d
040 ## - CATALOGING SOURCE
- Original cataloging agency: JO-AjAnu
- Transcribing agency: JO-AjAnu
150 ## - HEADING--TOPICAL TERM
- Topical term or geographic name entry element: الاسرة - اطفال - رعاية الطفولة
670 ## - SOURCE DATA FOUND
- Source citation: Work cat.: (JO-AjAnu)15581: الخوالدة، ناصر احمد / م.مشارك: رسمي عبد الملك رستم, author 30336, الاسرة وتربية الطفل